000 00966nam a2200277 i 4500
001 bg
003 BPK
005 20190902102833.0
008 s1999 pl f f |000 0 pol
020 _a8386272880
040 _cBPK
080 _a628.1/.2
080 _a(075.8)
245 0 0 _aWodociągi i kanalizacja :
_bmateriały pomocnicze do ćwiczeń projektowych.
_nCz.1,
_pWodociągi /
_cJoanna Dolecka [et. al.].
246 3 0 _aWodociągi
260 _aBiałystok :
_bDział Wydawnictw i Poligrafii PB,
_c1999.
300 _a147 s., [1] k.tabl.złoż. :
_brys., wykr. ;
_c24 cm.
490 1 _aSkrypty / Politechnika Białostocka
504 _aBibliogr. s. 147.
655 4 _aPodręczniki akademickie
650 4 _aWodociąg
710 1 _aDolecka, Joanna.
830 0 _aSkrypty - Politechnika Białostocka
856 _uhttp://koha.tu.koszalin.pl/cgi-bin/koha/opac-detail.pl?biblionumber=37848
_yKatalog online BPK
942 _cKS
_2UKD
999 _c37848
_d37848